Every Minecraft Block (Part One) - Statistics

General Stats
  • This quiz has been taken 15 times
  • The average score is 32 of 500
Answer Stats
Answer % Correct
Dirt
58%
Grass Block
58%
Cobblestone
50%
Acacia Fence
42%
Acacia Log
42%
Acacia Trapdoor
42%
Acacia Door
33%
Acacia Fence Gate
33%
Acacia Planks
33%
Acacia Stairs
33%
Acacia Button
25%
Acacia Hanging Sign
25%
Acacia Sign
25%
Acacia Slab
25%
Birch Door
25%
Birch Fence
25%
Birch Fence Gate
25%
Birch Log
25%
Birch Planks
25%
Birch Slab
25%
Birch Stairs
25%
Birch Trapdoor
25%
Coarse Dirt
25%
Gravel
25%
Acacia Leaves
17%
Acacia Pressure Plate
17%
Acacia Sapling
17%
Acacia Wood
17%
Ancient Debris
17%
Andesite
17%
Birch Hanging Sign
17%
Birch Pressure Plate
17%
Birch Sign
17%
Black Concrete
17%
Black Concrete Powder
17%
Black Wool
17%
Blast Furnace
17%
Blue Wool
17%
Bricks
17%
Cactus
17%
Cherry Door
17%
Cherry Fence
17%
Cherry Fence Gate
17%
Cherry Log
17%
Cherry Planks
17%
Cherry Slab
17%
Cherry Stairs
17%
Cherry Trapdoor
17%
Coal Ore
17%
Cobbled Deepslate
17%
Cobblestone Slab
17%
Cobblestone Stairs
17%
Cobblestone Wall
17%
Copper Ore
17%
Crafting Table
17%
Cyan Concrete
17%
Cyan Concrete Powder
17%
Cyan Wool
17%
Deepslate
17%
Deepslate Coal Ore
17%
Deepslate Copper Ore
17%
Deepslate Diamond Ore
17%
Deepslate Emerald Ore
17%
Deepslate Gold Ore
17%
Deepslate Iron Ore
17%
Deepslate Lapis Lazuli Ore
17%
Deepslate Redstone Ore
17%
Diorite
17%
Emerald Ore
17%
Fletching Table
17%
Furnace
17%
Gold Ore
17%
Granite
17%
Green Concrete
17%
Green Concrete Powder
17%
Green Wool
17%
Grey Concrete
17%
Grey Concrete Powder
17%
Grey Wool
17%
Iron Ore
17%
Lapis Lazuli Ore
17%
Acacia Shelf
8%
Azure Bluet
8%
Barrel
8%
Beacon
8%
Bedrock
8%
Bee Nest
8%
Birch Button
8%
Birch Leaves
8%
Birch Sapling
8%
Birch Wood
8%
Black Bed
8%
Black Carpet
8%
Black Glazed Terracotta
8%
Black Stained Glass
8%
Black Stained Glass Pane
8%
Black Terracotta
8%
Block of Amethyst
8%
Block of Coal
8%
Block of Copper
8%
Block of Diamond
8%
Block of Emerald
8%
Block of Gold
8%
Block of Iron
8%
Block of Lapis Lazuli
8%
Block of Netherite
8%
Block of Quartz
8%
Block of Raw Gold
8%
Block of Raw Iron
8%
Block of Redstone
8%
Blue Bed
8%
Blue Carpet
8%
Blue Concrete
8%
Blue Concrete Powder
8%
Blue Glazed Terracotta
8%
Blue Ice
8%
Blue Terracotta
8%
Bookshelf
8%
Brick Slab
8%
Brick Stairs
8%
Brick Wall
8%
Brown Bed
8%
Brown Carpet
8%
Brown Concrete
8%
Brown Concrete Powder
8%
Brown Glazed Terracotta
8%
Brown Terracotta
8%
Brown Wool
8%
Budding Amethyst
8%
Bush
8%
Calcite
8%
Cauldron
8%
Cherry Button
8%
Cherry Hanging Sign
8%
Cherry Leaves
8%
Cherry Pressure Plate
8%
Cherry Sapling
8%
Cherry Sign
8%
Cherry Wood
8%
Chest
8%
Chiselled Deepslate
8%
Chiselled Sandstone
8%
Chiselled Stone Bricks
8%
Chorus Flower
8%
Clay
8%
Copper Bars
8%
Cornflower
8%
Crimson Button
8%
Crimson Door
8%
Crimson Fence
8%
Crimson Fence Gate
8%
Crimson Fungus
8%
Crimson Hanging Sign
8%
Crimson Hyphae
8%
Crimson Planks
8%
Crimson Pressure Plate
8%
Crimson Roots
8%
Crimson Sign
8%
Crimson Slab
8%
Crimson Stairs
8%
Crimson Stem
8%
Crimson Trapdoor
8%
Crying Obsidian
8%
Cut Copper
8%
Cut Copper Slab
8%
Cut Copper Stairs
8%
Cyan Bed
8%
Cyan Carpet
8%
Cyan Glazed Terracotta
8%
Cyan Stained Glass
8%
Cyan Stained Glass Pane
8%
Cyan Terracotta
8%
Dandelion
8%
Dark Oak Button
8%
Dark Oak Door
8%
Dark Oak Fence
8%
Dark Oak Fence Gate
8%
Dark Oak Hanging Sign
8%
Dark Oak Leaves
8%
Dark Oak Log
8%
Dark Oak Planks
8%
Dark Oak Pressure Plate
8%
Dark Oak Sapling
8%
Dark Oak Sign
8%
Dark Oak Slab
8%
Dark Oak Stairs
8%
Dark Oak Trapdoor
8%
Dark Oak Wood
8%
Dark Prismarine
8%
Dark Prismarine Slab
8%
Dark Prismarine Stairs
8%
Dead Bush
8%
Diamond Ore
8%
Diorite Slab
8%
Diorite Stairs
8%
Diorite Wall
8%
Dirt Path
8%
Dried Kelp Block
8%
End Stone
8%
End Stone Bricks
8%
End Stone Brick Slab
8%
End Stone Brick Stairs
8%
End Stone Brick Wall
8%
Exposed Copper
8%
Exposed Cut Copper
8%
Exposed Cut Copper Slab
8%
Exposed Cut Copper Stairs
8%
Farmland
8%
Frogspawn
8%
Glass
8%
Green Bed
8%
Green Carpet
8%
Green Glazed Terracotta
8%
Green Stained Glass
8%
Green Stained Glass Pane
8%
Green Terracotta
8%
Grey Bed
8%
Grey Carpet
8%
Grey Glazed Terracotta
8%
Grey Stained Glass
8%
Grey Terracotta
8%
Hay Bale
8%
Honey Block
8%
Honeycomb Block
8%
Ice
8%
Iron Bars
8%
Iron Chain
8%
Jungle Button
8%
Jungle Door
8%
Jungle Fence
8%
Jungle Fence Gate
8%
Jungle Hanging Sign
8%
Jungle Leaves
8%
Jungle Log
8%
Jungle Plank
8%
Jungle Pressure Plate
8%
Jungle Sapling
8%
Jungle Sign
8%
Jungle Slab
8%
Jungle Stairs
8%
Jungle Trapdoor
8%
Jungle Wood
8%
Ladder
8%
Lectern
8%
Light Blue Carpet
8%
Light Blue Concrete
8%
Light Blue Concrete Powder
8%
Light Blue Glazed Terracotta
8%
Light Blue Terracotta
8%
Light Blue Wool
8%
Light Grey Bed
8%
Light Grey Carpet
8%
Light Grey Wool
8%
Lily of the Valley
8%
Lime Bed
8%
Lime Carpet
8%
Lime Concrete Powder
8%
Lime Glazed Terracotta
8%
Activator Rail
0%
Allium
0%
Amethyst Cluster
0%
Andesite Slab
0%
Andesite Stairs
0%
Andesite Wall
0%
Anvil
0%
Azalea
0%
Azalea Leaves
0%
Bamboo
0%
Bamboo Button
0%
Bamboo Door
0%
Bamboo Fence
0%
Bamboo Fence Gate
0%
Bamboo Hanging Sign
0%
Bamboo Mosaic
0%
Bamboo Mosaic Slab
0%
Bamboo Mosaic Stairs
0%
Bamboo Planks
0%
Bamboo Pressure Plate
0%
Bamboo Shelf
0%
Bamboo Shoot
0%
Bamboo Sign
0%
Bamboo Slab
0%
Bamboo Stairs
0%
Bamboo Trapdoor
0%
Barrier
0%
Basalt
0%
Beetroots
0%
Bell
0%
Big Dripleaf
0%
Birch Shelf
0%
Black Banner
0%
Black Candle
0%
Black Shulker Box
0%
Blackstone
0%
Blackstone Slab
0%
Blackstone Stairs
0%
Blackstone Wall
0%
Block of Bamboo
0%
Block of Raw Copper
0%
Block of Resin
0%
Block of Stripped Bamboo
0%
Blue Banner
0%
Blue Candle
0%
Blue Orchid
0%
Blue Shulker Box
0%
Blue Stained Glass
0%
Blue Stained Glass Pane
0%
Bone Block
0%
Brain Coral
0%
Brain Coral Block
0%
Brain Coral Fan
0%
Brewing Stand
0%
Brown Banner
0%
Brown Candle
0%
Brown Mushroom
0%
Brown Mushroom Block
0%
Brown Shulker Box
0%
Brown Stained Glass
0%
Brown Stained Glass Pane
0%
Bubble Coral
0%
Bubble Coral Block
0%
Bubble Coral Fan
0%
Cactus Flower
0%
Cake
0%
Calibrated Sculk Sensor
0%
Campfire
0%
Candle
0%
Carrots
0%
Cartography Table
0%
Carved Pumpkin
0%
Chain Command Block
0%
Cherry Shelf
0%
Chipped Anvil
0%
Chiselled Bookshelf
0%
Chiselled Copper
0%
Chiselled Nether Bricks
0%
Chiselled Polished Blackstone
0%
Chiselled Quartz Block
0%
Chiselled Red Sandstone
0%
Chiselled Resin Bricks
0%
Chiselled Tuff
0%
Chiselled Tuff Bricks
0%
Chorus Plant
0%
Closed Eyeblossom
0%
Cobbled Deepslate Slab
0%
Cobbled Deepslate Stairs
0%
Cobbled Deepslate Wall
0%
Cobweb
0%
Cocoa
0%
Command Block
0%
Composter
0%
Conduit
0%
Copper Bulb
0%
Copper Chain
0%
Copper Chest
0%
Copper Door
0%
Copper Golem Statue
0%
Copper Grate
0%
Copper Lantern
0%
Copper Torch
0%
Copper Trapdoor
0%
Cracked Deepslate Bricks
0%
Cracked Deepslate Tiles
0%
Cracked Nether Bricks
0%
Cracked Polished Blackstone Bricks
0%
Cracked Stone Bricks
0%
Crafter
0%
Creaking Heart
0%
Creeper Head
0%
Crimson Nylium
0%
Crimson Shelf
0%
Cut Red Sandstone
0%
Cut Red Sandstone Slab
0%
Cut Sandstone
0%
Cut Sandstone Slab
0%
Cyan Banner
0%
Cyan Candle
0%
Cyan Shulker Box
0%
Damaged Anvil
0%
Dark Oak Shelf
0%
Daylight Detector
0%
Dead Brain Coral
0%
Dead Brain Coral Block
0%
Dead Brain Coral Fan
0%
Dead Bubble Coral
0%
Dead Bubble Coral Block
0%
Dead Bubble Coral Fan
0%
Dead Fire Coral
0%
Dead Fire Coral Block
0%
Dead Fire Coral Fane
0%
Dead Horn Coral
0%
Dead Horn Coral Block
0%
Dead Horn Coral Fan
0%
Dead Tube Coral
0%
Dead Tube Coral Block
0%
Dead Tube Coral Fan
0%
Decorated Pot
0%
Deepslate Bricks
0%
Deepslate Brick Slab
0%
Deepslate Brick Stairs
0%
Deepslate Brick Wall
0%
Deepslate Tiles
0%
Deepslate Tile Slab
0%
Deepslate Tile Stairs
0%
Deepslate Tile Wall
0%
Detector Rail
0%
Dispenser
0%
Dragon Egg
0%
Dragon Head
0%
Dried Ghast
0%
Dripstone Block
0%
Dropper
0%
Enchanting Table
0%
Ender Chest
0%
End Portal Frame
0%
End Rod
0%
Exposed Chiselled Copper
0%
Exposed Copper Bars
0%
Exposed Copper Bulb
0%
Exposed Copper Chain
0%
Exposed Copper Chest
0%
Exposed Copper Door
0%
Exposed Copper Golem Statue
0%
Exposed Copper Grate
0%
Exposed Copper Lantern
0%
Exposed Copper Trapdoor
0%
Exposed Lightning Rod
0%
Fern
0%
Fire
0%
Fire Coral
0%
Fire Coral Block
0%
Fire Coral Fan
0%
Firefly Bush
0%
Flowering Azalea
0%
Flowering Azalea Leaves
0%
Flower Pot
0%
Gilded Blackstone
0%
Glass Pane
0%
Glow Lichen
0%
Glowstone
0%
Golden Dandelion
0%
Granite Slab
0%
Granite Stairs
0%
Granite Walls
0%
Green Banner
0%
Green Candle
0%
Green Shulker Box
0%
Grey Banner
0%
Grey Candle
0%
Grey Shulker Box
0%
Grey Stained Glass Pane
0%
Grindstone
0%
Hanging Roots
0%
Heavy Core
0%
Heavy Weighted Pressure Plate
0%
Hopper
0%
Horn Coral
0%
Horn Coral Block
0%
Horn Coral Fan
0%
Infested Chiselled Stone Bricks
0%
Infested Cobblestone
0%
Infested Cracked Stone Bricks
0%
Infested Deepslate
0%
Infested Mossy Stone Bricks
0%
Infested Stone
0%
Infested Stone Bricks
0%
Iron Door
0%
Iron Trapdoor
0%
Jack o'Lantern
0%
Jukebox
0%
Jungle Shelf
0%
Kelp
0%
Lantern
0%
Large Amethyst Bud
0%
Large Fern
0%
Lava
0%
Leaf Litter
0%
Lever
0%
Light Blue Banner
0%
Light Blue Bed
0%
Light Blue Candle
0%
Light Blue Shulker Box
0%
Light Blue Stained Glass
0%
Light Blue Stained Glass Pane
0%
Light Grey Banner
0%
Light Grey Candle
0%
Light Grey Concrete
0%
Light Grey Concrete Powder
0%
Light Grey Glazed Terracotta
0%
Light Grey Shulker Box
0%
Light Grey Stained Glass
0%
Light Grey Stained Glass Pane
0%
Light Grey Terracotta
0%
Lightning Rod
0%
Light Weighted Pressure Plate
0%
Lilac
0%
Lily Pad
0%
Lime Banner
0%
Lime Candle
0%
No matching quizzes found
Score Distribution
Percent of People with Each Score
Percentile by Number Answered
Your Score History
You have not taken this quiz